Every manager's guide to business processes : a glossary of key terms & concepts for today's business leader /

Bibliographic Details
Main Author: Keen, Peter G. W.
Other Authors: Knapp, Ellen M.
Format: Book
Language:English
Published: Boston, Mass. : Harvard Business School Press, [1996]
Subjects:

MARC

Tag First Indicator Second Indicator Subfields
LEADER 00000cam a2200000 a 4500
001 in00001263708
005 20151004052139.0
008 950410s1996 maua 001 0 eng
010 |a  95016636  
019 |a 33806046 
020 |a 0875846270 
020 |a 0875845754 (pbk.) 
020 |a 0875845711 
035 |a (OCoLC)32393145 
035 |9 AGW9420AM 
040 |a DLC  |c DLC  |d SYB  |d TXA  |d UtOrBLW 
049 |a TXAM 
050 0 0 |a HD30.17  |b .K44 1996 
082 0 0 |a 650/.03  |2 20 
100 1 |a Keen, Peter G. W. 
245 1 0 |a Every manager's guide to business processes :  |b a glossary of key terms & concepts for today's business leader /  |c Peter G.W. Keen and Ellen M. Knapp. 
246 3 0 |a Glossary of key terms & concepts for today's business leader 
246 3 |a Glossary of key terms and concepts for today's business leader 
264 1 |a Boston, Mass. :  |b Harvard Business School Press,  |c [1996] 
264 4 |c ©1996 
300 |a xii, 219 pages :  |b illustrations ;  |c 24 cm. 
336 |a text  |b txt  |2 rdacontent 
337 |a unmediated  |b n  |2 rdamedia 
338 |a volume  |b nc  |2 rdacarrier 
500 |a Includes index. 
650 0 |a Industrial management  |v Terminology. 
650 0 |a Business  |v Terminology. 
700 1 |a Knapp, Ellen M. 
999 |a MARS 
999 f f |s f4c95629-f3aa-3adf-a973-f480bc79997d  |i f329abe1-23c8-3f8a-b199-076fd87d88b9  |t 0 
952 f f |p ric  |a Texas A&M University  |b Rellis Campus  |c Joint Library Facility  |d Remote Storage  |t 0  |e HD30.17 .K44 1996  |h Library of Congress classification  |i unmediated -- volume  |m A14819723646 
998 f f |a HD30.17 .K44 1996  |t 0  |l Remote Storage